Teoretické a praktické aspekty služobných zákrokov zborník príspevkov z vedeckej konferencie s medzinárodnou účasťou konanej dňa 19. novembra 2018 pod záštitou rektorky Akadémie Policajného zboru v Bratislave Dr. h. c. prof. JUDr. Lucie Kurilovskej, PhD.

Bibliographic Details
Corporate Author: Teoretické a praktické aspekty služobných zákrokov
Other Authors: Rubisová, Ivana, 1992- (Compiler)
Format: Conference Proceeding Book
Language:Slovak
Czech
PhysicalDescription:158 strán čiernobiele fotografie, tabuľky 25 cm
Published: Bratislava Akadémia Policajného zboru v Bratislave 2018
ISBN:9788080547899
Edition:Vydanie prvé
Subjects:

MARC

LEADER 00000cam a2200000 4500
001 vtls011857199
003 SK-MaSNL
005 20260301050905.0
008 200612s2018 xo oa frn 100 0 slo
015 |a SNBA2019/05 
020 |a 9788080547899  |q (brožované) 
035 |a urn:nbn:sk:snk-am00dl15 
035 |a urn:nbn:sk:snk-am3i5qd 
035 |a DB9A93FD-5CEA-4844-B371-0A6CBE58D279 
040 |a SNK  |b slo  |c SNK  |e rda 
041 0 |a slo  |a cze  |b eng 
044 |a xo  |c SK 
072 7 |a 351  |x Úlohy verejnej správy, správne opatrenia. Legislatíva  |2 konspekt 
080 |a 351.74-051  |2 2011 
080 |a 351.75  |2 2011 
080 |a 351.74/.75  |2 2011 
080 |a (062.534)  |2 2011 
111 2 |a Teoretické a praktické aspekty služobných zákrokov  |d (2018 : Bratislava, Slovensko)  |9 357255 
245 1 0 |a Teoretické a praktické aspekty služobných zákrokov  |b zborník príspevkov z vedeckej konferencie s medzinárodnou účasťou konanej dňa 19. novembra 2018 pod záštitou rektorky Akadémie Policajného zboru v Bratislave Dr. h. c. prof. JUDr. Lucie Kurilovskej, PhD.  |c zostavila Ivana Rubisová 
250 |a Vydanie prvé 
264 1 |a Bratislava  |b Akadémia Policajného zboru v Bratislave  |c 2018 
300 |a 158 strán  |b čiernobiele fotografie, tabuľky  |c 25 cm 
336 |a text  |b txt  |2 rdacontent 
337 |a bez média  |b n  |2 rdamedia 
338 |a zväzok  |b nc  |2 rdacarrier 
366 |e 50 kusov 
500 |a Obsahuje poznámky pod čiarou 
504 |a Obsahuje bibliografiu, bibliografické odkazy 
546 |a Text v slovenčine a v češtine ; anglické resumé 
650 0 7 |a policajti  |2 SNKPH  |9 4252 
650 0 7 |a Policemen  |2 SNKPHeng  |9 315097 
650 0 7 |a poriadková polícia  |2 SNKPH  |9 31512 
650 0 7 |a Disciplinary police  |2 SNKPHeng  |9 357256 
650 0 7 |a vnútorná bezpečnosť  |2 SNKPH  |9 99693 
650 0 7 |a Internal security  |2 SNKPHeng  |9 337942 
655 7 |a zborníky konferencií  |2 SNKPH  |9 70153 
655 7 |a Proceedings of conferences  |2 SNKPHeng  |9 265791 
700 1 |a Rubisová, Ivana,  |d 1992-  |4 com  |9 225357 
710 2 |a Akadémia Policajného zboru v Bratislave.  |b Katedra správneho práva  |4 pbl  |9 183643 
710 2 |a Akadémia Policajného zboru v Bratislave.  |b Katedra trestného práva  |4 pbl  |9 124773 
710 2 |a Akadémia Policajného zboru v Bratislave.  |b Katedra verejnoprávnych vied  |4 pbl  |9 185022 
852 |a Štátna vedecká knižnica v Banskej Bystrici 
919 |a 978-80-8054-789-9 
958 |a NB 
958 |a CZ 
999 |c 602039  |d 603969 
952 |a SNK  |b SNK  |y PREZ  |7 0  |p 17A1364527  |o snkSC 184073  |i snk2019/12029  |8 0  |0 0  |1 0  |4 0  |d 2019-04-26  |f 1  |l 0  |r 2026-02-23 15:57:48  |w 2026-02-23 
952 |a SNK  |b SNK  |y VYP  |7 0  |p 17A1364528  |o snkSC 184073 D1  |i snk2019/12030  |8 0  |0 0  |1 0  |4 0  |d 2019-04-26  |l 0  |r 2026-02-23 15:57:48  |w 2026-02-23